American History Groups of Things #3 - Statistics

General Stats
  • This quiz has been taken 161 times
    139 since last reset
  • The average score is 25 of 41
Answer Stats
- Answer % Correct
Territories Purchased Louisiana
96%
Cold War Presidents Ronald Reagan
94%
Cold War Presidents Richard Nixon
93%
Cold War Presidents Harry S. Truman
91%
Cold War Presidents Dwight D. Eisenhower
90%
Cold War Presidents George H. W. Bush
90%
Cold War Presidents Jimmy Carter
90%
Cold War Presidents John F. Kennedy
90%
Cold War Presidents Gerald Ford
89%
Cold War Presidents Lyndon B. Johnson
89%
Territories Purchased Alaska
88%
Cities That Have Hosted Olympics Los Angeles
84%
Give Patrick Henry ____ or _____ Death
72%
Normandy Beaches U.S. Landed On Omaha
71%
Federal Holidays Created Thanksgiving
71%
Federalist Paper's Authors Alexander Hamilton
70%
Federal Holidays Created Independence Day
70%
Give Patrick Henry ____ or _____ Liberty
70%
Federal Holidays Created Labor Day
69%
1945 A-Bomb Nicknames Little Boy
69%
Federal Holidays Created Memorial Day
69%
Cities That Have Hosted Olympics Atlanta
67%
Federalist Paper's Authors James Madison
65%
Cities That Have Hosted Olympics Salt Lake City
62%
Federal Holidays Created Veteran's Day
62%
Cities That Have Hosted Olympics St. Louis
61%
1945 A-Bomb Nicknames Fat Man
56%
Territories Purchased Florida
56%
Cities That Have Hosted Olympics Lake Placid
49%
Federalist Paper's Authors John Jay
47%
Federal Holidays Created MLK Jr. Day
47%
Federal Holidays Created Juneteenth
45%
Normandy Beaches U.S. Landed On Utah
41%
Federal Holidays Created Columbus Day
38%
Cities That Have Hosted Olympics Squaw Valley
20%
Federal Holidays Created Washington's Birthday
19%
Territories Purchased Gadsden
18%
Territories Purchased Philippines
12%
Territories Purchased Danish Virgin Islands
10%
Territories Purchased Mexican Cession
4%
Territories Purchased Panama Canal Zone
2%
No matching quizzes found
Score Distribution
Percent of People with Each Score
Percentile by Number Answered
Your Score History
You have not taken this quiz since the last reset